Vplyv sinicových vodných kvetov na vodné hospodárstvo a ľudské zdravie

Bibliographic Details
Main Authors: Hindák, František, 1937-2019 (Author), Hindáková, Alica, 1968- (Author)
Format: Article
Language:Slovak
Subjects:

MARC

LEADER 00000nab a2200000uu 4500
001 vtls011450443
003 SK-MaSNL
005 20260304212556.0
008 230222|2008 xo |||||||||||||||||slo|
015 |a SNBRB 
035 |a (urnnbn)urn:nbn:sk:snk:ar-006g2s 
035 |a (uuid)4fe1661e-8bef-4fe7-9429-cbe31be6bc5c 
035 |a urn:nbn:sk:snk-abcmmq 
040 |a SNKBUCL  |b slo  |c SNKBUCL  |e AACR2 
041 0 |a slo 
044 |a xo  |c SK 
100 1 |a Hindák, František,  |d 1937-2019  |4 aut  |9 264601 
245 1 0 |a Vplyv sinicových vodných kvetov na vodné hospodárstvo a ľudské zdravie  |c František Hindák, Alica Hindáková 
504 |a Bibliografické odkazy 
650 0 7 |a sinice  |2 SNKPH  |9 1655 
650 0 7 |a voda  |2 SNKPH  |9 854 
650 0 7 |a kvety  |2 SNKPH  |9 29747 
650 0 7 |a vodné hospodárstvo  |2 SNKPH  |9 759 
650 0 7 |a zdravie  |2 SNKPH  |9 16322 
650 0 7 |a človek  |2 SNKPH  |9 16150 
650 0 7 |a botanika  |2 SNKPH  |9 688 
650 0 7 |a príroda  |2 SNKPH  |9 3813 
700 1 |a Hindáková, Alica,  |d 1968-  |4 aut  |9 264600 
773 0 |t Životné prostredie : revue pre teóriu a starostlivosť o životné prostredie  |g Roč. 42, č. 4 (2008), s. 171-175 
954 |a odborná, vedecká literatúra pôvodná (slovenská)  |2 lita 
958 |a NB 
958 |a OND 
958 |a EUIPO 
958 |a article16 
999 |c 3132021  |d 3133951